<?xml version="1.0" encoding="UTF-8"?>
<record
    xmlns:xsi="http://www.w3.org/2001/XMLSchema-instance"
    xsi:schemaLocation="http://www.loc.gov/MARC21/slim http://www.loc.gov/standards/marcxml/schema/MARC21slim.xsd"
    xmlns="http://www.loc.gov/MARC21/slim">

  <leader>01761nam a2200289 a 4500</leader>
  <controlfield tag="001">000012402</controlfield>
  <controlfield tag="003">DO-SdBNP</controlfield>
  <controlfield tag="005">20171002140017.0</controlfield>
  <controlfield tag="007">000012402</controlfield>
  <controlfield tag="008">091112s1994   dr a          000 j spa d</controlfield>
  <datafield tag="040" ind1=" " ind2=" ">
    <subfield code="a">BPMSU</subfield>
    <subfield code="b">spa</subfield>
    <subfield code="c">BPMSU</subfield>
  </datafield>
  <datafield tag="082" ind1="0" ind2="4">
    <subfield code="a">RD863.5</subfield>
    <subfield code="b">P925c, 1994</subfield>
  </datafield>
  <datafield tag="111" ind1="2" ind2=" ">
    <subfield code="a">Premio Casa de Teatro</subfield>
    <subfield code="d">(1994 :</subfield>
    <subfield code="c">Santo Domingo)</subfield>
  </datafield>
  <datafield tag="245" ind1="1" ind2="0">
    <subfield code="a">Cuentos premiados Casa de Teatro 1994 /</subfield>
    <subfield code="c">edici&#xF3;n Jos&#xE9; M&#xE1;rmol </subfield>
  </datafield>
  <datafield tag="246" ind1="1" ind2="3">
    <subfield code="a">Concurso de cuentos Casa de Teatro 1994</subfield>
  </datafield>
  <datafield tag="260" ind1=" " ind2=" ">
    <subfield code="a">Santo Domingo :</subfield>
    <subfield code="b">Taller,</subfield>
    <subfield code="c">2001.</subfield>
  </datafield>
  <datafield tag="300" ind1=" " ind2=" ">
    <subfield code="a">125 p. :</subfield>
    <subfield code="b">il. ;</subfield>
    <subfield code="c">21 cm.</subfield>
  </datafield>
  <datafield tag="505" ind1="0" ind2=" ">
    <subfield code="a">Primer premio -- "Luz de sue&#xF1;os" /</subfield>
    <subfield code="r">Antonio Luis Veras- Seudonimo: Azul y negro --</subfield>
    <subfield code="t">Segundo premio -- "La impecable visi&#xF3;n de la inocencia" /</subfield>
    <subfield code="r">Pedro Camilo - Seudonimo: Don Yorgos Seferis --</subfield>
    <subfield code="t">Tercer premio -- "Quiz&#xE1;s con las nubes de la tarde" /</subfield>
    <subfield code="r">Jos&#xE9; Acosta - Seudonimo: Tertius --</subfield>
    <subfield code="t">Menciones -- "Macho blusa" /</subfield>
    <subfield code="r">Jeannette Miller - Seudonimo: Soprano --</subfield>
    <subfield code="t">"Las &#xF1;i&#xF1;as que com&#xED;an cerezas para espantar la muerte"/</subfield>
    <subfield code="r">Pastor de Moya - Seudonimo: Ystad --</subfield>
    <subfield code="t">"Un d&#xED;a en la ciudad" /</subfield>
    <subfield code="r">Juan Dicent Ortiz - Seudonimo: Treviranus --</subfield>
    <subfield code="t">"Los gatos, fetiches y otras org&#xED;as malditas" /</subfield>
    <subfield code="r">Roberto ortiz - Seudonimo: El extranjero --</subfield>
    <subfield code="t">"El compromiso"/</subfield>
    <subfield code="r">Blanca Kais Barinas - Seudonimo: Flor de palma --</subfield>
    <subfield code="t">"En busca de ella" /</subfield>
    <subfield code="r">Liliana Arendar - Seudonimo: L&#xED;a Caldas --</subfield>
    <subfield code="t">"La otra versi&#xF3;n del sue&#xF1;o" /</subfield>
    <subfield code="r">Roberto S&#xE1;nchez - Seudonimo: Pablo Carpentier.</subfield>
  </datafield>
  <datafield tag="650" ind1=" " ind2="4">
    <subfield code="a">CUENTOS DOMINICANOS</subfield>
  </datafield>
  <datafield tag="650" ind1=" " ind2="4">
    <subfield code="a">LITERATURA DOMINICANA</subfield>
  </datafield>
  <datafield tag="700" ind1="1" ind2=" ">
    <subfield code="a">M&#xE1;rmol, Jos&#xE9;</subfield>
    <subfield code="e">ed.</subfield>
  </datafield>
  <datafield tag="710" ind1="2" ind2=" ">
    <subfield code="a">Casa de Teatro (Rep&#xFA;blica Dominicana)</subfield>
  </datafield>
  <datafield tag="910" ind1=" " ind2=" ">
    <subfield code="a">Validado. Control de calidad MFF</subfield>
  </datafield>
  <datafield tag="942" ind1=" " ind2=" ">
    <subfield code="2">ddc</subfield>
    <subfield code="c">BK</subfield>
  </datafield>
  <datafield tag="945" ind1=" " ind2=" ">
    <subfield code="a">T&#xED;tulo remanejado para BNPHU / 2017 VM</subfield>
  </datafield>
  <datafield tag="952" ind1=" " ind2=" ">
    <subfield code="0">0</subfield>
    <subfield code="1">0</subfield>
    <subfield code="2">ddc</subfield>
    <subfield code="4">0</subfield>
    <subfield code="7">0</subfield>
    <subfield code="8">CD</subfield>
    <subfield code="a">BPMET</subfield>
    <subfield code="b">BPMET</subfield>
    <subfield code="d">2015-03-27</subfield>
    <subfield code="l">0</subfield>
    <subfield code="o">RD863.5  P925c   1994</subfield>
    <subfield code="p">BPMSU15040341</subfield>
    <subfield code="r">2015-03-27</subfield>
    <subfield code="w">2015-03-27</subfield>
    <subfield code="y">BK</subfield>
  </datafield>
  <datafield tag="956" ind1=" " ind2=" ">
    <subfield code="a">VMATEO</subfield>
    <subfield code="b">10</subfield>
    <subfield code="c">20150327</subfield>
    <subfield code="l">BPMSU</subfield>
    <subfield code="h">00151</subfield>
  </datafield>
  <datafield tag="999" ind1=" " ind2=" ">
    <subfield code="c">7590</subfield>
    <subfield code="d">7590</subfield>
  </datafield>
</record>
